How to write essays and dissertations

Zapisane w:
Opis bibliograficzny
1. autor: Fabb, Nigel
Format: Książka
Język:Undetermined
Wydane: New York Pearson 2005
Hasła przedmiotowe:
Etykiety: Dodaj etykietę
Nie ma etykietki, Dołącz pierwszą etykiete!
Thư viện lưu trữ: Trung tâm Học liệu Trường Đại học Cần Thơ
LEADER 00606nam a2200205Ia 4500
001 CTU_117396
008 210402s9999 xx 000 0 und d
020 |c 18.81 
082 |a 808.066 
082 |b F113 
100 |a Fabb, Nigel 
245 0 |a How to write essays and dissertations 
245 0 |c Nigel Fabb 
260 |a New York 
260 |b Pearson 
260 |c 2005 
650 |a Criticism,Literature,Essay 
650 |x Authorship,Handbook, manuals, etc,History and criticism,Authorship,Handbook, manuals, etc 
904 |i Tuyến 
980 |a Trung tâm Học liệu Trường Đại học Cần Thơ